Statistics for Euro 2020 Group E - Sweden - Slovakia

Click here to take the quiz!

General Stats

  • This quiz has been taken 22 times
  • The average score is 17 of 34

Answer Stats

Player% Correct
Alexander Isak
90%
Emil Forsberg ¹
86%
Robin Olsen
86%
Victor Lindelöf
86%
Kristoffer Olsson
76%
Marek Hamšík
76%
Milan Škriniar
76%
Marcus Berg
71%
Martin Dúbravka
71%
Ludwig Augustinsson
62%
Mikael Lustig
62%
Juraj Kucka
57%
Ondrej Duda
57%
Róbert Mak
57%
Peter Pekarík
52%
Seb Larsson
52%
Viktor Claesson
48%
Emil Krafth
43%
Marcus Danielson
43%
Robin Quaison
43%
Tomáš Hubočan
43%
Albin Ekdal
38%
Vladimír Weiss
38%
Janne Andersson
33%
Michal Ďuriš
29%
Dávid Hancko
24%
Ľubomír Šatka
24%
Lukáš Haraslín
24%
Pierre Bengtsson
24%
László Bénes
19%
Patrik Hrošovský
19%
Štefan Tarkovič
19%
Gustav Svensson
14%
Martin Koscelník
14%

Score Distribution

Percentile by Number Answered

Percent of People with Each Score

Your Score History

You have not taken this quiz